186 Ready To Run Programs For Borland C++ 3.1 Under Windows 3.1 (Record no. 292008)
[ view plain ]
| 000 -LEADER | |
|---|---|
| fixed length control field | 00473nam a2200169Ia 4500 |
| 008 - FIXED-LENGTH DATA ELEMENTS--GENERAL INFORMATION | |
| fixed length control field | 230718s9999 xx 000 0 und d |
| 041 ## - LANGUAGE CODE | |
| Language code of text/sound track or separate title | eng |
| 082 ## - DEWEY DECIMAL CLASSIFICATION NUMBER | |
| Classification number | 005.14 |
| Item number | PAR |
| 100 ## - MAIN ENTRY--PERSONAL NAME | |
| Personal name | Parikh R. |
| 9 (RLIN) | 121287 |
| 245 ## - TITLE STATEMENT | |
| Title | 186 Ready To Run Programs For Borland C++ 3.1 Under Windows 3.1 |
| 260 ## - PUBLICATION, DISTRIBUTION, ETC. (IMPRINT) | |
| Date of publication, distribution, etc. | 1993 |
| Name of publisher, distributor, etc. | Vision Books |
| 300 ## - PHYSICAL DESCRIPTION | |
| Extent | 622 |
| Accompanying material [OBSOLETE, CAN/MARC] | Ref 71 C (3109) |
| 365 ## - TRADE PRICE | |
| Currency code | Rs. |
| Price amount | 235.00 |
| 500 ## - GENERAL NOTE | |
| Keywords | 71 C |
| 700 ## - ADDED ENTRY--PERSONAL NAME | |
| Personal name | Parikh R. |
| 9 (RLIN) | 121287 |
| 906 ## - LOCAL DATA ELEMENT F, LDF (RLIN) | |
| d | B:90703-Feb-1994 |
| c | COMP |
| b | 35.25 |
| Withdrawn status | Lost status | Source of classification or shelving scheme | Reference No | Damaged status | Not for loan | Home library | Current library | Date acquired | Vendor | Budget Code | Cost, normal purchase price | Bill number | Full call number | Barcode | Date last seen | Discount | Cost, replacement price | Bill Date | Koha item type | Original Barcode |
|---|---|---|---|---|---|---|---|---|---|---|---|---|---|---|---|---|---|---|---|---|
| Dewey Decimal Classification | Ref 71 C (3109) | Reference | Cummins College of Engineering for Women Pune | Cummins College of Engineering for Women Pune | 14/02/1994 | Technical Book Services | COMP | 199.75 | 907 | 005.14 | CCEP-BK-3109 | 18/07/2023 | 35.25 | 235.00 | 03/02/1994 | Books | 003109 |